01877 a2200253 45000010006000000050017000060080041000230030015000640400040000790800033001192450034001520200022001862500013002082640042002213000026002635051099002890410008013881000018013967000017014147000041014317000021014727000031014938560099015244812320260407155748.0260407a2012 arg spa dAR-UNSa-BCEJYS aAR-UNSa-BCEJYSbspacAR-UNSa-BCEJYS a330.101.542xMicroeconomía10aPrincipios de microeconomía a978-607-32-1239-7 a10a. ed. 1aMéxico :bPearson Educaciónc2012 axxvii, 476 p.c27 cm. a1. Alcance y método de la economía - 2. El problema económico: Escasez y elección - 3. Demanda, oferta y equilibrio de mercado - 4. Aplicaciones de la oferta y la demanda - 5. Elasticidad - 6. Comportamiento familiar y opciones de consumo - 7. El proceso de producción: Comportamiento de las empresas que maximizan las utilidades - 8. Costos a corto plazo y decisiones de producción - 9. Costos a largo plazo y decisiones de producción - 10. Demanda de insumos: Los mercados de trabajo y de la tierra - 11. La demanda de insumos: El mercado de capitales y las decisiones de inversión - 12. Equilibrio general y eficiencia de la competencia perfecta - 13. Monopolio y política antimonopolio - 14. Oligopolio - 15. Competencia monopólica - 16. Externalidades - 17. Incertidumbre e información asimétrica - 18. Distribución del ingreso y pobreza - 19. Finanzas públicas: La economía del sistema tributario - 20. Comercio internacional, ventaja comparativa y proteccionismo - 21. Crecimiento económico en las economías en vías de desarrollo y en transición -  aspa1 aCase, Karl E.1 aFair, Ray C.1 aMejía Estañol, María Magdalena1 aOster, Sharon M.1 aGómez Mont Araiza, Jaime41uhttps://www.biblioeco.unsa.edu.ar/pmb/images/libros/L127876.jpgyImagen de portadaqimage/jpeg